000 00322nam a2200145Ia 4500
100 _aIngalbse/ Lon
942 _cBK
654 _aComputer
245 _aUsing Computer & Applications Software
260 _bMaxwell-Macmillan
_aNew York
_c1991
082 _a621.38195
300 _a23
546 _aENGLISH
999 _c28382
_d28382